Les 10 joueurs avec le plus de top 10 au Ballon d'or. - Statistiques

Statistiques générales
  • Ce quiz a été pris 2 710 fois
  • Le résultat moyen est 7 sur 10
Statistiques - réponses
top 10 Joueurs Année-Classement % Correct
14 Cristiano Ronaldo 2007-2eme2008-winner 2009-2eme 2010-6eme 2011-2eme 2012-2eme 2013-winner 2014-winner 2015-2eme 2016-winner 2017-winner 2018-2eme 2019-3eme 2021-6eme
100%
14 Lionel Messi 2007-3eme2008-2eme 2009-winner 2010-winner 2011-winner 2012-winner 2013-2eme 2014-2eme 2015-winner 2016-2eme 2017-2eme 2018-5eme 2019-winner 2021-winner
100%
7 Zinedine Zidane 1997-3eme1998-winner 2000-2eme 2001-9eme 2002-4eme 2003-5eme 2006-5eme
91%
6 Neymar 2011-10eme2013-5eme 2014-7eme 2015-3eme 2016-5eme 2017-3eme
78%
6 Andres Iniesta 2009-4eme2010-2eme 2011-4eme 2012-3eme 2013-6eme 2015-9eme
73%
5 Kylian Mbappe 2017-7eme2018-4eme 2019-6eme 2021-9eme 2022-6eme
72%
5 Robert Lewandowski 2015-4eme2017-9eme 2019-8eme 2021-2eme 2022-4eme
64%
7 Thierry Henry 2000-4eme2001-9eme 2002-6eme 2003-2eme 2004-4eme 2005-4eme 2006-3eme
61%
6 Andriy Shevchenko 1999-3eme2000-3eme 2001-8eme 2003-4eme 2004-winner 2005-5eme
46%
6 Zlatan Ibrahimovic 2005-8eme2007-7eme 2008-9eme 2009-7eme 2012-10eme 2013-4eme
23%
Aucun quiz correspondant
Distribution des résultats
% des personnes avec chaque résultat
Percentile par nombre de réponses
Votre historique - résultats
Vous n’avez pas pris ce quiz